| 000 | 00808nam a2200193 i 4500 | ||
|---|---|---|---|
| 001 | 49134 | ||
| 003 | ES-MaACL | ||
| 005 | 20260519142550.0 | ||
| 007 | t| | ||
| 008 | 030708m18481879be ||||1| fre d | ||
| 100 | 0 |
_aFelipe _bII, _cRey de España _949175 |
|
| 245 | 1 | 0 |
_aCorrespondance de Philippe II sur les affaires des Pays Bas _b: publiée d'après les originaux conservés dans les archives.. de Simancas, prededée d'une notice... de ce célèbre dépot / _cpar M. Gachard. |
| 260 |
_aBruxelles : _b[s.n.], _c1848-1879 ( _fImp. de la Société typr. belge Ad. Wahlen et Compagnie) |
||
| 300 |
_a5 v. ; _c29 cm. |
||
| 600 | 0 | 4 |
_aFelipe _bII, _cRey de España- _vCorrespondencia _949177 |
| 700 | 1 |
_aGachard, Louis Prosper, _d1800-1885 _953175 |
|
| 852 |
_aES-MaACL _jG-7501-5 |
||
| 999 |
_c49134 _d49134 |
||